| 000 | 00599nam a2200229Ia 4500 | ||
|---|---|---|---|
| 003 | OSt | ||
| 005 | 20220918204941.0 | ||
| 006 | a|||||r|||| 00| 0 | ||
| 007 | ta | ||
| 008 | 220917b |||||||| |||| 00| 0 eng d | ||
| 024 | _a114,834 | ||
| 037 | _cTextual | ||
| 040 |
_aARTS _cARTS _beng |
||
| 041 |
_2eng _aeng |
||
| 082 | _aV5961.N20<-M30, F3 | ||
| 100 |
_aOmond G W T _9113705 |
||
| 245 | 0 | _aKingdom of Belguim and the grand Duchy of Luxembourg | |
| 260 | _c1923 | ||
| 650 | _aHISTORY | ||
| 942 |
_hV5961.N20<-M30, F3 _cTEXL _2CC |
||
| 999 |
_c238164 _d238164 |
||